Pojištění dodavatelských údajů

Poistenie na báze tzv. platobnej nevôle (protracted default). Vymáhanie pohľadávok. Zjednávanie úverového poistenia vo forme rámcovej zmluvy. Význam poistenia úverov ako nástroja pre financovanie bankou. Model platobnej nevôle.

Guardado en:
Detalles Bibliográficos
Autor principal: Lajsek, Jan
Formato: Capítulo de libro
Lenguaje:checo
Materias:
Etiquetas: Agregar Etiqueta
Sin Etiquetas, Sea el primero en etiquetar este registro!

MARC

LEADER 00000naa a2200000 4500
001 r041503
005 20230908092112.4
041 0 |a cze 
044 |a CZ 
245 1 0 |a Pojištění dodavatelských údajů  |c Jan Lajsek 
520 |a Poistenie na báze tzv. platobnej nevôle (protracted default). Vymáhanie pohľadávok. Zjednávanie úverového poistenia vo forme rámcovej zmluvy. Význam poistenia úverov ako nástroja pre financovanie bankou. Model platobnej nevôle. 
610 2 0 |a poistenie úverové 
610 2 0 |a úver 
610 2 0 |a dodávatelia 
610 2 0 |a odškodnenie 
610 2 0 |a vymáhanie pohľadávok 
610 2 0 |a zmluvy poistné 
610 2 0 |a záruka 
100 1 |a Lajsek, Jan